Statistiques concernant Festival de Cannes 2023

Cliquez ici pour prendre le quiz!

Statistiques générales

  • Ce quiz a été pris 23 fois
  • Le résultat moyen est 11 sur 21

Statistiques - réponses

RécompensesDirectorsFilms% Correct
Palme d'orJustine TrietAnatomie d'une chute
100%
Wes AndersonAsteroid City
80%
Prix de la mise en scèneTrần Anh HùngLa Passion de Dodin-Bouffant
75%
Prix d'interprétation masculineWim WendersPerfect Days
75%
Grand PrixJonathan GlazerThe Zone of Interest
70%
Prix du JuryAki KaurismäkiLes Feuilles Mortes
65%
Marco BellochioL'enlèvement
60%
Prix d'interprétation féminineNuri Bilge CeylanLes Herbes Sèches
60%
Prix du scénarioHirokazu Kore-EdaL'innocence
60%
Ken LoachThe Old Oak
60%
Catherine BreillatL'été dernier
55%
Nanni MorettiVers un avenir radieux
50%
Jessica HausnerClub Zero
45%
Kaouther Ben HaniaLes filles d'Olfa
45%
Todd HaynesMay December
45%
Jean-Stéphane SauvaireBlack Flies
35%
Alice RohrwacherLa chimère
35%
Karim AïnouzFirebrand
30%
Ramata-Toulaye SyBanel et Adama
25%
Catherine CorsiniLe retour
15%
Wang BingJeunesse (le printemps)
5%

Distribution des résultats

Percentile par nombre de réponses

% des personnes avec chaque résultat

Votre développement - résultats

Vous n’avez pas pris ce quiz